000 00454nam a2200145Ia 4500
008 151213s9999 xx 000 0 und d
100 _aআন্তন চেখভ।
245 _aতিন তরঙ্গ।
_cআন্তন চেখভ।
260 _aঢাকা
_bবাংলা একাডেমী।
_c1983
300 _a8766 p.
650 _aBangla
650 _aগল্প
700 _aআন্তন চেখভ।
999 _c4551
_d4551